Countries That Start and End with the Same Letter - Statistics

General Stats
  • This quiz has been taken 66 times
    60 since last reset
  • The average score is 12 of 15
Answer Stats
Hint Answer % Correct
A Albania
97%
A Austria
92%
A Australia
89%
A Armenia
86%
A Algeria
83%
A Angola
83%
A Argentina
83%
S Saint Kitts and Nevis
83%
A Andorra
81%
A Antigua and Barbuda
78%
S Saint Vincent and the Grenadines
75%
S Seychelles
75%
C Czech Republic
67%
S Solomon Islands
67%
C Central African Republic
61%
No matching quizzes found
Score Distribution
Percent of People with Each Score
Percentile by Number Answered
Your Score History
You have not taken this quiz since the last reset